Statistiken für Solothurn: Gemeinden nach Einwohnerzahl

Klicken Sie hier um das Quiz zu spielen!

Allgemein

  • Dieses Quiz wurde 50 mal gespielt
  • Das Durchschnittsergebnis liegt bei 10 aus 15

Antwortstatistiken

EinwohnerzahlBezirkGemeinde% Korrekt
16'802SolothurnSolothurn
100%
17'577LebernGrenchen
93%
18'496OltenOlten
93%
6210ThalBalsthal
67%
9109WasseramtBiberist
67%
6276GäuOensingen
67%
9058WasseramtZuchwil
67%
5297LebernBellach
63%
5502WasseramtGerlafingen
59%
5083OltenDulliken
52%
5177OltenHägendorf
52%
6562GösgenTrimbach
52%
6592WasseramtDerendingen
48%
6882DorneckDornach
48%
5239OltenWangen bei Olten
33%

Verteilung der Resultate

Perzentil nach korrekt beantworteten Fragen

Anzahl Personen mit jedem Resultat

Ihre Resultats-Entwicklung

Sie haben dieses Quiz noch nicht gespielt